[Event "ICS unrated blitz match"]
[Site "204.178.125.65"]
[Date "1999.10.13"]
[Round "?"]
[White "Hossa"]
[Black "Moron"]
[Result "0-1"]
[WhiteElo "2402"]
[BlackElo "2899"]
[PlyCount "158"]
[EventDate "1999.??.??"]

1. Nf3 Nf6 2. c4 e6 3. g3 d5 4. cxd5 exd5 5. Bg2 Be7 6. d4 c6 7. Nc3 Na6 8. O-O
Nc7 9. Re1 Ne6 10. e4 dxe4 11. Nxe4 O-O 12. Nxf6+ Bxf6 13. Be3 Qd6 14. Rc1 Rd8
15. Qa4 a5 16. a3 Bd7 17. Qc4 a4 18. Rcd1 Bc8 19. Qf1 Ra5 20. Bd2 Rh5 21. Bc3
Ng5 22. Nxg5 Rxg5 23. Qc4 Bg4 24. Rd2 Ra8 25. Qd3 Be6 26. Be4 Rh5 27. Bf3 Rb5
28. Rde2 Rd8 29. Re4 Qf8 30. R4e3 Rb3 31. Qe4 Bg5 32. Rd3 Bc4 33. Rdd1 Bd5 34.
Qf5 Bxf3 35. Qxf3 Bf6 36. Re3 Bg5 37. Ree1 Be7 38. Qd3 Bf6 39. Qc4 Ra8 40. Re3
Rb5 41. Rde1 Rd5 42. Re4 Rd7 43. Qb4 g6 44. Qxf8+ Kxf8 45. Bb4+ Kg7 46. Bc5 Rd5
47. Rc1 Bg5 48. f4 f5 49. Re2 Bf6 50. Rc4 Kf7 51. Kf2 Rdd8 52. h3 Ra6 53. Rb4
b5 54. Re3 Raa8 55. Rc3 Re8 56. Rc2 Ke6 57. Kg2 Kd5 58. Bb6 Be7 59. Bc5 Bd8 60.
b3 Ba5 61. bxa4 Bxb4 62. Bxb4 bxa4 63. Rc5+ Kxd4 64. Rxc6 Rac8 65. Ra6 Re2+ 66.
Kf1 Rh2 67. Kg1 Ra2 68. Rd6+ Ke3 69. Rd1 Rcc2 70. h4 Rg2+ 71. Kh1 Rxg3 72. Bc5+
Kf3 73. Rd3+ Kg4 74. Rd1 Rc2 75. Bd4 Rxa3 76. Be5 Rg3 77. Rd7 Kh3 78. Rd2 Rc1+
79. Rd1 79... Rxd1# {Hossa checkmated} 0-1

[Event "ICS unrated blitz match"]
[Site "204.178.125.65"]
[Date "1999.10.08"]
[Round "?"]
[White "Hossa"]
[Black "Moron"]
[Result "0-1"]
[WhiteElo "2410"]
[BlackElo "2869"]
[PlyCount "133"]
[EventDate "1999.??.??"]

1. e4 c5 2. c3 d5 3. exd5 Qxd5 4. d4 Nf6 5. Nf3 e6 6. Na3 Nc6 7. Nb5 Qd8 8.
dxc5 Bxc5 9. Qxd8+ Kxd8 10. Be3 Bxe3 11. fxe3 Ke7 12. Be2 Ng4 13. e4 Bd7 14. h3
Nf6 15. e5 Ne4 16. Bd3 Nc5 17. Bc4 f6 18. exf6+ gxf6 19. O-O-O Rhg8 20. g4 Na5
21. Be2 Ne4 22. Rh2 a6 23. Bd3 Nc5 24. Nbd4 Nxd3+ 25. Rxd3 e5 26. Re3 Kf7 27.
Nc2 Nc4 28. Re4 Be6 29. Rf2 Nd6 30. Re1 e4 31. Nd2 Rae8 32. Nxe4 Nxe4 33. Rxe4
Bxa2 34. Rxe8 Rxe8 35. g5 Kg6 36. gxf6 Be6 37. h4 Rf8 38. Ne3 Rxf6 39. Rxf6+
Kxf6 40. Kc2 Kg6 41. Ng2 Bf5+ 42. Kd2 Kh5 43. c4 Be4 44. Nf4+ Kxh4 45. Ke3 Bc6
46. Ne6 Kg4 47. Kf2 h5 48. Nc7 h4 49. Nd5 Bxd5 50. cxd5 Kf5 51. Kg2 Ke5 52. d6
Kxd6 53. Kh3 Kd5 54. b4 Kc4 55. Kh2 Kxb4 56. Kh3 b5 57. Kg4 Kc4 58. Kh3 b4 59.
Kg4 b3 60. Kf3 b2 61. Kf4 b1=Q 62. Ke5 h3 63. Kf6 h2 64. Ke5 h1=Q 65. Ke6 Qg6+
66. Kd7 Qf7+ 67. Kd6 {Hossa resigns} 0-1

[Event "ICS unrated blitz match"]
[Site "204.178.125.65"]
[Date "1999.09.23"]
[Round "?"]
[White "Moron"]
[Black "Hossa"]
[Result "1-0"]
[WhiteElo "2850"]
[BlackElo "2386"]
[PlyCount "69"]
[EventDate "1999.??.??"]

1. Nf3 d5 2. g3 c6 3. Bg2 Bg4 4. O-O Nd7 5. d4 e6 6. Nbd2 Ngf6 7. Re1 Be7 8. e4
O-O 9. c3 c5 10. exd5 cxd4 11. dxe6 dxc3 12. exd7 cxd2 13. Bxd2 Nxd7 14. Rc1
Nf6 15. h3 Be6 16. a4 Re8 17. Ng5 Bd5 18. Bc3 Bxg2 19. Kxg2 Nd5 20. Nxf7 Kxf7
21. Qh5+ Kg8 22. Rcd1 Nf4+ 23. gxf4 Qc7 24. Qd5+ Kh8 25. Qf7 Qc6+ 26. Kh2 Bf8
27. Rg1 Re7 28. Bxg7+ Bxg7 29. Qxe7 Bf6 30. Qf7 Bxb2 31. Rde1 b5 32. Re7 Qe4
33. Rxe4 h6 34. Re7 bxa4 35. Qh7# {Hossa checkmated} 1-0

[Event "ICS rated blitz match"]
[Site "204.178.125.65"]
[Date "1999.10.20"]
[Round "?"]
[White "Hossa"]
[Black "Skeletor"]
[Result "0-1"]
[WhiteElo "2419"]
[BlackElo "2689"]
[PlyCount "89"]
[EventDate "1999.??.??"]

1. e4 e5 2. Nf3 Nf6 3. Nxe5 d6 4. Nf3 Nxe4 5. d4 d5 6. Bd3 Be7 7. O-O Nc6 8.
Re1 Bg4 9. c4 Nf6 10. cxd5 Bxf3 11. Qxf3 Qxd5 12. Qxd5 Nxd5 13. Nc3 O-O-O 14.
Nxd5 Rxd5 15. Be4 Rxd4 16. Bxc6 bxc6 17. Be3 Rd5 18. Bxa7 Bf6 19. Re2 Rhd8 20.
Rae1 c5 21. Rc2 Bd4 22. Re7 Kb7 23. Rxf7 Ra8 24. Re7 Bf6 25. Re1 Kxa7 26. Kf1
Kb6 27. b3 Rad8 28. Ke2 Rd3 29. Rec1 Bg5 30. Ra1 Rd2+ 31. Rxd2 Rxd2+ 32. Ke1
Rb2 33. Kf1 Bf6 34. Re1 Rxa2 35. Re2 Ra1+ 36. Re1 Ka5 37. Rxa1+ Bxa1 38. Ke2
Kb4 39. Kd3 Kxb3 40. Ke4 c4 41. h4 c3 42. f4 c2 43. g3 c1=Q 44. Kf5 Qc2+ 45.
Kg4 {Hossa resigns} 0-1

[Event "ICS Rated bullet match"]
[Site "204.178.125.65"]
[Date "1999.10.20"]
[Round "?"]
[White "Hossa"]
[Black "JSBach"]
[Result "1-0"]
[WhiteElo "2426"]
[BlackElo "2042"]
[PlyCount "67"]
[EventDate "1999.??.??"]

1. b3 d5 2. Nf3 Nc6 3. d4 Bf5 4. Ba3 Rb8 5. e3 Nf6 6. c4 Ng4 7. Nc3 Nf6 8. Be2
Qd7 9. Nh4 Be6 10. O-O dxc4 11. bxc4 g5 12. Nf3 g4 13. Nh4 Rd8 14. d5 Qc8 15.
Qa4 Nxd5 16. cxd5 Bxd5 17. Nxd5 Rxd5 18. Bxg4 Qd8 19. Bf3 b5 20. Qc2 Qd7 21.
Rac1 Nd4 22. exd4 Bh6 23. Bxd5 Bxc1 24. Bc6 Bxa3 25. Bxd7+ Kxd7 26. Qf5+ e6 27.
Qxb5+ c6 28. Qb7+ Kd6 29. Qb3 Kd7 30. Qxa3 Ra8 31. Rb1 Ke8 32. Rb7 c5 33. Qxc5
a6 34. Qe7# {JSBach checkmated} 1-0

[Event "ICS Rated blitz match"]
[Site "204.178.125.65"]
[Date "1999.10.20"]
[Round "?"]
[White "Hossa"]
[Black "NonWimp"]
[Result "0-1"]
[WhiteElo "2413"]
[BlackElo "2806"]
[PlyCount "89"]
[EventDate "1999.??.??"]

1. b3 e5 2. e3 Nf6 3. d4 exd4 4. exd4 Bb4+ 5. c3 Bd6 6. Bd3 O-O 7. Ne2 Re8 8.
O-O Nc6 9. Re1 Be7 10. Bg5 d6 11. Nd2 h6 12. Bf4 Be6 13. b4 a6 14. Nb3 Nd5 15.
Bd2 Bg5 16. a3 Bxd2 17. Nxd2 Bg4 18. Qb3 Bxe2 19. Bxe2 Nf4 20. Bf3 Qg5 21. Ne4
Qf5 22. Re3 Rad8 23. Ng3 Qg5 24. Rae1 Rxe3 25. fxe3 Nd3 26. Ne4 Qe7 27. Rf1 d5
28. Nf2 Nxf2 29. Rxf2 Qe6 30. e4 b6 31. g3 Ne7 32. exd5 Qe1+ 33. Rf1 Qe3+ 34.
Kh1 Qd3 35. Rf2 Rd6 36. Bg2 b5 37. Rf4 g5 38. Rf2 Qe3 39. Rf1 Qe2 40. Rc1 Qd2
41. Ra1 Nf5 42. Be4 Ne3 43. Kg1 Rf6 44. Qb1 Rf1+ 45. Qxf1 {Hossa resigns} 0-1

[Event "ICS Unrated blitz match"]
[Site "204.178.125.65"]
[Date "1999.10.20"]
[Round "?"]
[White "Moron"]
[Black "Hossa"]
[Result "1-0"]
[WhiteElo "2789"]
[BlackElo "2410"]
[PlyCount "31"]
[EventDate "1999.??.??"]

1. d4 g6 2. e4 Bg7 3. Nc3 c6 4. Nf3 Nf6 5. e5 Nd5 6. Nxd5 cxd5 7. c3 O-O 8. Qb3
e6 9. Bd3 Nc6 10. Bg5 f6 11. exf6 Bxf6 12. Bxf6 Rxf6 13. h4 Qf8 14. Rh3 Qg7 15.
h5 g5 16. Nxg5 {Hossa resigns} 1-0

[Event "ICS unrated blitz match"]
[Site "204.178.125.65"]
[Date "1999.10.20"]
[Round "?"]
[White "Hossa"]
[Black "Moron"]
[Result "0-1"]
[WhiteElo "2410"]
[BlackElo "2789"]
[PlyCount "174"]
[EventDate "1999.??.??"]

1. b3 e5 2. e3 d5 3. Bb2 Nc6 4. Bb5 Bd6 5. f4 Qh4+ 6. g3 Qe7 7. Nc3 Nf6 8. fxe5
Bxe5 9. Nf3 Bg4 10. Be2 Bxf3 11. Bxf3 d4 12. Bxc6+ bxc6 13. exd4 Bxg3+ 14. Kf1
Bh4 15. Qe2 Qxe2+ 16. Nxe2 h6 17. Ng3 O-O-O 18. Nf5 Bg5 19. Nxg7 Rhg8 20. Nf5
Rge8 21. d3 Rd5 22. Ng3 Ng4 23. c4 Rdd8 24. Ne4 Bh4 25. Kg2 Nf2 26. Nxf2 Re2
27. Rab1 Rg8+ 28. Kh3 Bxf2 29. Bc1 Bxd4 30. Rf1 Rxa2 31. b4 f6 32. Bf4 Rgg2 33.
Rbe1 Kd7 34. Re4 Bc3 35. Bg3 Rgd2 36. Rh4 Rxd3 37. Rxh6 Ke6 38. Rh7 Be5 39. Re1
Rb3 40. Rxc7 Kd6 41. Rg7 Rxb4 42. Bxe5+ fxe5 43. Rg6+ Kd7 44. Rxe5 Rxc4 45.
Rg7+ Kd6 46. Re1 Rcc2 47. Rg6+ Kc5 48. Rg5+ Kc4 49. Rh1 a5 50. Rg6 Kd4 51. Rg4+
Kc5 52. Rg5+ Kb4 53. Rg4+ Kb5 54. Rg8 a4 55. Rb1+ Kc5 56. Rg5+ Kd6 57. Rg6+ Ke5
58. Rh1 c5 59. Rg5+ Kd6 60. Rg6+ Kd5 61. Rg7 c4 62. Rg5+ Kd6 63. Ra5 c3 64.
Ra6+ Ke5 65. Rc6 Kd4 66. Rd6+ Kc5 67. Rd7 a3 68. Rc7+ Kb4 69. Rb7+ Kc4 70. Rc7+
Kb5 71. Rc8 Rab2 72. Rb8+ Kc6 73. Rc8+ Kd7 74. Rc5 a2 75. Ra5 Rd2 76. Ra7+ Kc6
77. Ra3 Rd3+ 78. Kg4 Rb1 79. Rc1 Rxc1 80. Rxa2 c2 81. Kh4 Rd2 82. h3 Rh1 83.
Ra6+ Kb5 84. Ra1 Rxa1 85. Kg5 Rg1+ 86. Kh5 Rd8 87. h4 87... Rh8# {
Hossa checkmated} 0-1

[Event "ICS unrated blitz match"]
[Site "204.178.125.65"]
[Date "1999.10.20"]
[Round "?"]
[White "Moron"]
[Black "Hossa"]
[Result "1-0"]
[WhiteElo "2789"]
[BlackElo "2410"]
[PlyCount "165"]
[EventDate "1999.??.??"]

1. d4 d5 2. c4 e6 3. Nc3 c6 4. e3 Nf6 5. Nf3 Bd6 6. Bd3 b6 7. Bd2 Ba6 8. Qe2
O-O 9. O-O c5 10. cxd5 Bxd3 11. Qxd3 exd5 12. dxc5 bxc5 13. Nb5 Be7 14. Ne5 a6
15. Nc3 Bd6 16. f4 Re8 17. Qf5 Ra7 18. h3 Rb7 19. b3 Qc8 20. Qxc8 Rxc8 21. Rad1
c4 22. bxc4 dxc4 23. Nf3 Re8 24. Rb1 Rd7 25. Rfe1 Nc6 26. Na4 Rc7 27. Nb6 Ne4
28. Nxc4 Bc5 29. Rb3 Be7 30. Reb1 Nd8 31. Rc1 Bh4 32. Ba5 Bf2+ 33. Kf1 Rc5 34.
Rc2 Bg3 35. Rb6 Ne6 36. Rxa6 Rec8 37. Bb4 R5c7 38. f5 Nd8 39. Ba5 Rc5 40. Bxd8
Rxd8 41. Ra5 Rc6 42. a4 Rdc8 43. Na3 Rxc2 44. Nxc2 Kf8 45. Nfd4 Rc7 46. Ra8+
Ke7 47. Ke2 Be5 48. Nb4 Kd7 49. Rf8 Ke7 50. Rh8 Nf6 51. Ndc6+ Kd6 52. Rd8+ Kc5
53. Nxe5 Kxb4 54. Rf8 Ne4 55. Rxf7 Rxf7 56. Nxf7 Ng3+ 57. Kd3 Nxf5 58. e4 Ng3
59. e5 Kxa4 60. Nd6 Nh5 61. Ke4 g6 62. e6 Kb4 63. Kd4 Ng7 64. e7 h5 65. e8=Q
Nxe8 66. Nxe8 h4 67. Nc7 Ka5 68. Ne6 Kb6 69. Ng5 Kc7 70. Ke5 Kb6 71. Nf3 Kc5
72. Nxh4 g5 73. Nf3 g4 74. h4 g3 75. h5 Kc4 76. h6 Kd3 77. h7 Ke3 78. h8=Q Kd3
79. Qc8 Ke3 80. Qc1+ Kd3 81. Kd5 Ke2 82. Qe1+ Kd3 83. Qd2# {Hossa checkmated}
1-0

[Event "ICS unrated blitz match"]
[Site "204.178.125.65"]
[Date "1999.10.20"]
[Round "?"]
[White "Hossa"]
[Black "Moron"]
[Result "1/2-1/2"]
[WhiteElo "2410"]
[BlackElo "2789"]
[PlyCount "119"]
[EventDate "1999.??.??"]

1. d4 Nf6 2. Nf3 e6 3. c4 d5 4. Bg5 Be7 5. e3 O-O 6. Nc3 h6 7. Bh4 b6 8. Bd3
Bb7 9. cxd5 Nxd5 10. Nxd5 Bxh4 11. Nxc7 Bxf2+ 12. Kxf2 Qxc7 13. Rc1 Qd6 14. Rf1
f5 15. Kg1 Nd7 16. Bb5 Nf6 17. Qa4 a6 18. Bc6 b5 19. Qa3 Qxa3 20. bxa3 Bxc6 21.
Rxc6 Nd5 22. Rxe6 Rfe8 23. Re5 Nxe3 24. Rc1 Rxe5 25. Nxe5 Nc4 26. a4 Nxe5 27.
dxe5 b4 28. Kf2 Rd8 29. Ke3 Rd5 30. Kf4 Rd2 31. e6 Kf8 32. Kxf5 Rxg2 33. Rc8+
Ke7 34. Rc7+ Kd6 35. e7 Re2 36. Ra7 Rxe7 37. Rxa6+ Kc5 38. Ra5+ Kc4 39. Re5
Rf7+ 40. Kg6 Rf2 41. h4 Rxa2 42. Kxg7 b3 43. Kxh6 b2 44. Rb5 Kc3 45. h5 Rxa4
46. Rxb2 Kxb2 47. Kg5 Ra5+ 48. Kg6 Ra6+ 49. Kg5 Ra3 50. Kg6 Rg3+ 51. Kf6 Rh3
52. Kg6 Rh1 53. h6 Rg1+ 54. Kf6 Rg8 55. h7 Re8 56. Kg7 Re7+ 57. Kg8 Re8+ 58.
Kg7 Re7+ 59. Kg8 Re8+ 60. Kg7 {Game drawn by repetition} 1/2-1/2

[Event "ICS Rated blitz match"]
[Site "204.178.125.65"]
[Date "1999.10.20"]
[Round "?"]
[White "UFGator"]
[Black "Hossa"]
[Result "1-0"]
[WhiteElo "2536"]
[BlackElo "2410"]
[PlyCount "155"]
[EventDate "1999.??.??"]

1. Nf3 Nf6 2. Nc3 d5 3. e3 Bg4 4. Be2 c5 5. d4 e6 6. O-O Nc6 7. Ne5 Bxe2 8.
Qxe2 Bd6 9. Nxc6 bxc6 10. dxc5 Bxc5 11. e4 Bd4 12. Bg5 Bxc3 13. bxc3 dxe4 14.
Rad1 Qa5 15. Bxf6 gxf6 16. Qxe4 Qxc3 17. Rd6 O-O 18. Rxc6 Qb2 19. Qg4+ Kh8 20.
Qc4 Rab8 21. Rc7 Rb7 22. Rxb7 Qxb7 23. Qf4 Kg7 24. c4 Qb2 25. Qg3+ Kh8 26. Qf4
Kg7 27. Qg4+ Kh8 28. Qh4 Kg7 29. a4 Rd8 30. Qg4+ Kf8 31. Qe4 Qb4 32. a5 h5 33.
Qf4 Qxa5 34. Qxf6 Ke8 35. Rb1 Qb6 36. Qh8+ Ke7 37. Qa1 Qc5 38. Rb5 Qxc4 39.
Rxh5 Qa2 40. Qc1 Qd2 41. Qc5+ Qd6 42. Qg5+ Kd7 43. Qg4 Kc8 44. Qc4+ Qc7 45.
Qa6+ Kb8 46. Rb5+ Ka8 47. Rb1 Rd2 48. Qa3 Rc2 49. h3 a5 50. Qe3 Rc4 51. Ra1 a4
52. Qa3 Kb7 53. Rb1+ Ka7 54. Rd1 Ka6 55. Qb2 e5 56. Re1 f6 57. Rd1 Qc5 58. Rd8
Qb4 59. Qe2 Kb7 60. Rd1 Qb3 61. Rd7+ Kc6 62. Qd2 Kb6 63. Qd6+ Rc6 64. Qb8+ Kc5
65. Qf8+ Kc4 66. Qa8 Qb1+ 67. Kh2 Qb5 68. Rb7 Qa6 69. Ra7 Qb6 70. Rxa4+ Kd3 71.
Ra3+ Ke2 72. Qa4 f5 73. Re3+ Kxf2 74. Rxe5 Qe3 75. Qa2+ Kf1 76. Rxe3 Rc2 77.
Qb1+ Rc1 78. Qxf5# {Hossa checkmated} 1-0

[Event "ICS rated blitz match"]
[Site "204.178.125.65"]
[Date "1999.10.20"]
[Round "?"]
[White "Hossa"]
[Black "UFGator"]
[Result "0-1"]
[WhiteElo "2400"]
[BlackElo "2546"]
[PlyCount "100"]
[EventDate "1999.??.??"]

1. Nf3 Nf6 2. Nc3 d5 3. e3 e6 4. d4 Bb4 5. a3 Bxc3+ 6. bxc3 Ne4 7. c4 O-O 8.
Bb2 Nc6 9. Be2 Na5 10. cxd5 exd5 11. c3 Re8 12. O-O Bg4 13. Qa4 c6 14. Qc2 Bf5
15. Bd3 Nc4 16. Bxc4 dxc4 17. Rfe1 Nd6 18. Qa4 Re6 19. Ne5 f6 20. Nf3 Bd3 21.
Qd1 Qb6 22. Qc1 Qa5 23. Nd2 Rae8 24. Qd1 Qb5 25. Ra2 Qg5 26. Qa4 a6 27. Ba1 Nf5
28. Nf3 Qg6 29. Kh1 Nd6 30. Rb2 R6e7 31. Nd2 Qf5 32. Kg1 Qd5 33. Rd1 f5 34. Nf3
Ne4 35. Rc1 f4 36. Rb6 Nd6 37. exf4 Nc8 38. Rb4 Qe4 39. Ne5 Qxf4 40. Rd1 Nd6
41. Re1 Nf7 42. g3 Nxe5 43. gxf4 Nf3+ 44. Kg2 Rxe1 45. Kxf3 Rg1 46. Qd1 Be4+
47. Ke3 Bc2+ 48. Kd2 Bxd1 49. Rxc4 Bb3 50. Rxc6 50... Rd1# {Hossa checkmated}
0-1

[Event "ICS Rated blitz match"]
[Site "204.178.125.65"]
[Date "1999.10.20"]
[Round "?"]
[White "UFGator"]
[Black "Hossa"]
[Result "1-0"]
[WhiteElo "2556"]
[BlackElo "2390"]
[PlyCount "112"]
[EventDate "1999.??.??"]

1. Nf3 Nf6 2. Nc3 d5 3. e3 e6 4. Bb5+ c6 5. Be2 Bd6 6. d3 e5 7. O-O O-O 8. Bd2
Bf5 9. Nh4 Be6 10. Nf3 Nbd7 11. Ng5 Qb6 12. Bf3 h6 13. Nxe6 fxe6 14. Rb1 Rf7
15. e4 Raf8 16. Ne2 Qa6 17. a3 Nc5 18. Ng3 Bc7 19. Qe2 Qa4 20. Bb4 b6 21. b3
Qa6 22. exd5 cxd5 23. Qe3 d4 24. Qe1 Bd6 25. Rc1 Qc8 26. Bd2 Ncd7 27. b4 Qa6
28. Ra1 Rc8 29. Qd1 Be7 30. Ne4 b5 31. Re1 Nxe4 32. Bxe4 Qa4 33. Ra2 Bh4 34.
Bf3 Rc7 35. Re4 Bg5 36. Bxg5 hxg5 37. Bh5 Rf4 38. Re1 Rc3 39. Be8 Nf6 40. g3
Rf5 41. Bg6 Rxa3 42. Bxf5 exf5 43. Rxa3 Qxa3 44. Rxe5 Qxb4 45. Rxf5 a6 46. Rxg5
Kf7 47. Qf3 Qe1+ 48. Kg2 Qe7 49. Qa8 Qc7 50. Qxa6 Kf8 51. Qxb5 Qd6 52. Qb7 Qd7
53. Qxd7 Nxd7 54. Rd5 Ke7 55. Rxd4 g6 56. c4 56... Nc5 {Hossa resigns} 1-0

[Event "ICS rated blitz match"]
[Site "204.178.125.65"]
[Date "1999.10.20"]
[Round "?"]
[White "NonWimp"]
[Black "Hossa"]
[Result "1-0"]
[WhiteElo "2800"]
[BlackElo "2381"]
[PlyCount "83"]
[EventDate "1999.??.??"]

1. d4 Nf6 2. c4 e6 3. Nc3 Bb4 4. Qc2 O-O 5. a3 Bxc3+ 6. Qxc3 b6 7. Bg5 a6 8. e4
h6 9. Bh4 g5 10. e5 Bb7 11. Bg3 Ne4 12. Qe3 f5 13. exf6 Rxf6 14. h4 Nxg3 15.
Qxg3 g4 16. Qxg4+ Kh8 17. Nh3 c5 18. dxc5 bxc5 19. O-O-O Nc6 20. Kb1 Ne5 21.
Qg3 d6 22. f4 Nc6 23. Ng5 Nd4 24. Qe3 Rb8 25. Rd2 Qd7 26. Bd3 Qg7 27. Ne4 Bxe4
28. Qxe4 Rf5 29. Qe3 Rb3 30. Rf1 Qb7 31. Qe4 Qb8 32. g4 d5 33. cxd5 exd5 34.
Qe7 Rxd3 35. gxf5 Rxd2 36. Qf6+ Kh7 37. Qg6+ Kh8 38. Qxh6+ Kg8 39. Rg1+ Rg2 40.
Rxg2+ Kf7 41. Rg7+ Ke8 42. Qh8# {Hossa checkmated} 1-0

[Event "ICS Rated blitz match"]
[Site "204.178.125.65"]
[Date "1999.10.20"]
[Round "?"]
[White "PostModernist"]
[Black "Hossa"]
[Result "1-0"]
[WhiteElo "2548"]
[BlackElo "2378"]
[PlyCount "98"]
[EventDate "1999.??.??"]

1. c4 Nf6 2. Nc3 e5 3. Nf3 Nc6 4. e3 Bb4 5. Qc2 d6 6. Be2 Bg4 7. d3 O-O 8. Bd2
Bc5 9. Na4 Bxf3 10. Bxf3 Nd7 11. Bxc6 bxc6 12. b4 Bb6 13. c5 dxc5 14. bxc5 Nxc5
15. Nxc5 Qd5 16. Ne4 f5 17. Ng3 Qxg2 18. Qc4+ Rf7 19. a4 f4 20. Qe4 Qh3 21.
exf4 exf4 22. Bxf4 Ba5+ 23. Kd1 Qd7 24. Be3 Bb6 25. Re1 Ba5 26. Re2 Rd8 27.
Bxa7 Bb6 28. Bxb6 cxb6 29. Ke1 Rf6 30. Qc4+ Kh8 31. Rb1 Rb8 32. Ne4 Rg6 33.
Reb2 Rg2 34. Kd2 Qc7 35. Qc5 Rxh2 36. Rxb6 Rd8 37. Rb7 Qf4+ 38. Qe3 Qe5 39. Rg1
g6 40. Rg5 Qe6 41. Qb6 Qa2+ 42. Ke3 Rh3+ 43. Rg3 Rxd3+ 44. Kxd3 Qd5+ 45. Ke3
Rh5 46. Rc7 Re5 47. Rc8+ Qg8 48. Rxg8+ Kxg8 49. Qb8+ 49... Kf7 {Hossa resigns}
1-0

[Event "ICS unrated blitz match"]
[Site "204.178.125.65"]
[Date "1999.10.20"]
[Round "?"]
[White "Moron"]
[Black "Hossa"]
[Result "0-1"]
[WhiteElo "2789"]
[BlackElo "2369"]
[PlyCount "118"]
[EventDate "1999.??.??"]

1. d4 Nf6 2. c4 e6 3. Nc3 Bb4 4. Qc2 O-O 5. a3 Bxc3+ 6. Qxc3 b6 7. Bg5 Re8 8.
e3 Bb7 9. Nf3 Bxf3 10. gxf3 c5 11. Rg1 Kh8 12. dxc5 bxc5 13. Rd1 a5 14. Bh3 Ra6
15. e4 e5 16. b3 d6 17. Qd3 Qe7 18. Bf5 h6 19. Bh4 Rd8 20. Qc3 Nc6 21. f4 Nd4
22. fxe5 dxe5 23. Qg3 g6 24. Kf1 Rad6 25. Re1 Nc2 26. f4 Rd3 27. Qg2 Nxe1 28.
Bxe1 Rxb3 29. Bxg6 fxg6 30. Qxg6 Rf3+ 31. Ke2 Rxf4 32. Qxh6+ Qh7 33. Qxh7+ Kxh7
34. Rg3 Rxe4+ 35. Re3 Rxe3+ 36. Kxe3 Rd4 37. Bxa5 Ng4+ 38. Ke2 Nxh2 39. Bb6 e4
40. Bxc5 Rxc4 41. Bb4 Ng4 42. Kd2 Kg6 43. Ba5 Kf5 44. Bb6 Ne5 45. Ba5 Ra4 46.
Bb4 Rxa3 47. Bxa3 Nc4+ 48. Ke2 Nxa3 49. Ke3 Ke5 50. Kf2 Kd4 51. Kg1 e3 52. Kf1
Nc2 53. Kg2 e2 54. Kf3 e1=Q 55. Kg4 Ke5 56. Kf3 Kf5 57. Kg2 Kg4 58. Kh2 Kf3 59.
Kh3 59... Qh1# {Moron checkmated} 0-1

[Event "ICS Rated blitz match"]
[Site "204.178.125.65"]
[Date "1999.10.20"]
[Round "?"]
[White "Hossa"]
[Black "NonWimp"]
[Result "0-1"]
[WhiteElo "2369"]
[BlackElo "2803"]
[PlyCount "72"]
[EventDate "1999.??.??"]

1. Nf3 Nf6 2. Nc3 d5 3. e3 e6 4. Bb5+ Bd7 5. O-O Bd6 6. Be2 O-O 7. d4 Nc6 8.
Nb5 Bb4 9. c4 dxc4 10. Bxc4 a6 11. Nc3 Qe7 12. a3 Bd6 13. e4 b5 14. Be2 e5 15.
d5 Na5 16. b3 c6 17. Re1 cxd5 18. Nxd5 Nxd5 19. exd5 e4 20. Bd3 f5 21. Bf1 Be8
22. h4 Bh5 23. Bd2 Nb7 24. Ra2 Qc7 25. Be2 exf3 26. Bxf3 Bxf3 27. Qxf3 Rae8 28.
Re3 Rxe3 29. Qxe3 Qf7 30. Qf3 Rd8 31. Bc1 Re8 32. Kf1 Re4 33. Rd2 Rxh4 34. g3
Re4 35. Bb2 Nc5 36. Rd1 36... Re8 {Hossa resigns} 0-1

[Event "ICS Rated blitz match"]
[Site "204.178.125.65"]
[Date "1999.10.20"]
[Round "?"]
[White "Hossa"]
[Black "StrongBach"]
[Result "1-0"]
[WhiteElo "2367"]
[BlackElo "1793"]
[PlyCount "45"]
[EventDate "1999.??.??"]

1. d4 d5 2. c4 dxc4 3. Nf3 Nc6 4. e3 Be6 5. Ng5 Qd5 6. Nxe6 fxe6 7. Nc3 Qg5 8.
f4 Qg6 9. g3 e5 10. dxe5 Qe6 11. Nb5 Rc8 12. Bg2 Qg6 13. Qa4 c3 14. bxc3 Qd3
15. Bh3 Rd8 16. Nxc7+ Kf7 17. Be6+ Kg6 18. f5+ Qxf5 19. Bxf5+ Kxf5 20. O-O+ Kg6
21. Qg4+ Kh6 22. Ne6 Nxe5 23. Qg5# {StrongBach checkmated} 1-0

[Event "ICS rated blitz match"]
[Site "204.178.125.65"]
[Date "1999.10.20"]
[Round "?"]
[White "NonWimp"]
[Black "Hossa"]
[Result "1-0"]
[WhiteElo "2805"]
[BlackElo "2368"]
[PlyCount "145"]
[EventDate "1999.??.??"]

1. e4 d6 2. Nf3 Nf6 3. Nc3 e5 4. d4 Nbd7 5. Bc4 Be7 6. O-O O-O 7. Re1 exd4 8.
Qxd4 Nb6 9. Be2 Re8 10. Bd2 c5 11. Qd3 Be6 12. Ng5 Bc4 13. Qf3 h6 14. Nh3 Bxe2
15. Qxe2 d5 16. exd5 Nbxd5 17. Rad1 Qd7 18. Nxd5 Qxd5 19. Bxh6 Qxa2 20. Bc1 Bd6
21. Qf3 Rxe1+ 22. Rxe1 Qa5 23. c3 Qc7 24. Bf4 Rd8 25. Bxd6 Rxd6 26. Ng5 Qd7 27.
b3 Rd3 28. Qe2 Qd8 29. Qe5 Rd5 30. Qe3 Rd1 31. h3 Rxe1+ 32. Qxe1 Qd5 33. Qe3 a5
34. c4 Qd6 35. f4 Qd1+ 36. Kh2 Qd4 37. Qe5 Qxe5 38. fxe5 Nd7 39. Nf3 Kf8 40.
Kg3 Ke7 41. Kf4 Nf8 42. Ke4 Ne6 43. h4 Kd7 44. Kd5 b6 45. g3 Kc7 46. h5 Kd7 47.
g4 Nf4+ 48. Ke4 Ne2 49. Ke3 Nc1 50. g5 Ke7 51. h6 gxh6 52. gxh6 Kf8 53. Ng5
Nxb3 54. Nxf7 Kg8 55. Ng5 Nd4 56. Kd3 a4 57. e6 Nf5 58. Kc3 Kf8 59. h7 Kg7 60.
Kb2 Ne7 61. Ka3 Kh8 62. Kxa4 Kg7 63. Kb5 Nc8 64. Kc6 Ne7+ 65. Kd7 Ng6 66. e7
Nxe7 67. Kxe7 b5 68. cxb5 c4 69. h8=Q+ Kg6 70. Qe5 Kh5 71. Kf6 c3 72. Qf5 c2
73. Qh3# {Hossa checkmated} 1-0

[Event "ICS rated blitz match"]
[Site "204.178.125.65"]
[Date "1999.10.20"]
[Round "?"]
[White "MissSilicon"]
[Black "Hossa"]
[Result "1-0"]
[WhiteElo "2748"]
[BlackElo "2366"]
[PlyCount "137"]
[EventDate "1999.??.??"]

1. Nf3 Nf6 2. c4 b6 3. Nc3 c5 4. g3 e6 5. Bg2 Bb7 6. O-O Be7 7. d3 d5 8. Qa4+
Bc6 9. Qc2 d4 10. Ne4 Nbd7 11. Bf4 Nxe4 12. dxe4 f6 13. Bh3 e5 14. Bd2 O-O 15.
Be6+ Kh8 16. Nh4 Bd6 17. Nf5 Bc7 18. Rac1 Rb8 19. Rfe1 Qe8 20. Bd5 Bb7 21. Qa4
a5 22. Bxb7 Rxb7 23. Qc6 Ra7 24. e3 Bb8 25. exd4 cxd4 26. f4 Qh5 27. Qd5 Nc5
28. fxe5 Bxe5 29. Qc6 Rb8 30. Rf1 Qh3 31. Rce1 Rc7 32. Qb5 g6 33. Nh4 Ne6 34.
Ng2 Rc5 35. Qa4 d3 36. Be3 b5 37. cxb5 Rc2 38. Rf2 Rxf2 39. Bxf2 Ng5 40. Nh4
Rc8 41. Qxa5 Bxb2 42. Rd1 Nxe4 43. Rxd3 Kg7 44. Be3 Nc3 45. Rd2 Bc1 46. Qa7+
Kg8 47. Bh6 Ne2+ 48. Rxe2 Bxh6 49. Re1 Rc2 50. Qa8+ Bf8 51. Ng2 Kg7 52. a4 Bb4
53. Rd1 Bc5+ 54. Kh1 Bb6 55. Qe4 Rb2 56. Qe7+ Kh6 57. Qf8+ Kg5 58. Qa8 h5 59.
Qe4 f5 60. Qf4+ Kf6 61. Rd6+ Kf7 62. Qc4+ Kg7 63. Qc3+ Kh7 64. Rd7+ Kh6 65.
Qc1+ Rd2 66. Qxd2+ Be3 67. Qxe3+ f4 68. Qxf4+ g5 69. Qf6# {Hossa checkmated}
1-0

[Event "ICS rated blitz match"]
[Site "204.178.125.65"]
[Date "1999.10.20"]
[Round "?"]
[White "Hossa"]
[Black "GTS-Viper"]
[Result "0-1"]
[WhiteElo "2363"]
[BlackElo "2689"]
[PlyCount "108"]
[EventDate "1999.??.??"]

1. Nf3 d5 2. g3 c6 3. Bg2 Bg4 4. O-O Nd7 5. d3 Ngf6 6. h3 Bh5 7. Nc3 e5 8. g4
Bg6 9. g5 Nh5 10. e4 dxe4 11. Nxe4 Qe7 12. Re1 O-O-O 13. Be3 Kb8 14. Ned2 h6
15. d4 hxg5 16. Bxg5 f6 17. Bh4 e4 18. Nh2 Qb4 19. Bxe4 Bxe4 20. c3 Qxb2 21.
Nxe4 g5 22. Bg3+ Nxg3 23. fxg3 Rxh3 24. Re2 Qa3 25. Qf1 Rh8 26. Qf5 Bg7 27. Ng4
Rhe8 28. Rae1 Qf8 29. Rh2 Qg8 30. Rf2 Ka8 31. Ref1 Re6 32. Re1 Rde8 33. Rfe2
Qf8 34. c4 Qa3 35. Ngf2 R6e7 36. d5 Ne5 37. Re3 Qxa2 38. Nd6 Rh8 39. dxc6 bxc6
40. Rd1 g4 41. Nc8 Rb7 42. Kg2 Nf3 43. Rxf3 gxf3+ 44. Kxf3 Rh2 45. Nb6+ axb6
46. Rf1 Qa3+ 47. Kg4 Bh6 48. Qc8+ Ka7 49. Qh8 f5+ 50. Kxf5 Qf3+ 51. Ke6 Qf7+
52. Ke5 Qe7+ 53. Kf5 Rh5+ 54. Kg4 54... Qe2# {Hossa checkmated} 0-1